Robert-Collins junior dictionnaire Francais-Anglais, Anglais-Francais = Collins-Robert concise French-English, English-French dictionary

Αποθηκεύτηκε σε:
Λεπτομέρειες βιβλιογραφικής εγγραφής
Άλλοι συγγραφείς: Atkins, B. T. S. (Beryl T. Sue)
Μορφή: Βιβλίο
Γλώσσα:French
English
Δημοσίευση: Paris : London : Dictionnaires Le Robert, Collins, c1981.
Θέματα:
Ετικέτες: Προσθήκη ετικέτας
Δεν υπάρχουν, Καταχωρήστε ετικέτα πρώτοι!

MARC

LEADER 00000cam a2200000 i 4500
001 1/11266
008 101209s1981####fr | | ||| |||| ||fre||
020 |a 2850360422   |q (Dictionnaires Le Robert)  
020 |a 0004334868   |q (Collins Pub.)  
035 |l 10109349 
040 |a GR-MY-UA  |b gre  |e aacr 
041 0 |a fre  |a eng 
082 0 |a 443.21  |2 (22) 
245 1 0 |a Robert-Collins junior dictionnaire Francais-Anglais, Anglais-Francais =   |b Collins-Robert concise French-English, English-French dictionary /   |c Beryl T. Atkins... [κ.ά.].  
246 1 |i Παράλληλος τίτλος:   |a Collins-Robert concise French-English, English-French dictionary  
260 |a Paris :   |a London :   |b Dictionnaires Le Robert,   |b Collins,   |c c1981.  
300 |a xii, 536 σ.;   |c 22 εκ.  
650 0 0 |a French language  |x Dictionaries  |z English. 
650 0 0 |a English language  |x Dictionaries  |z French. 
700 1 |a Atkins, B. T. S.   |q (Beryl T. Sue) 
852 |a INST  |b SYROS  |e 20101213  |h 443.21 ROB  |p 005500009436  |q 005500009436  |t REF  |y 23 
901 |a BIBL5-2010-3 
909 |a Ε  |b 160603 
970 |a ΚΟΝΤΟΥ  |b ΠΑΡΑΣΚΕΥΗ  |z 2010/12/09